000 00308nam a22001337a 4500
020 _qPB.
040 _cFIZZA ISHAQ
082 _a624.171
_bRCH
100 _aHIBBELER, R.C.
_986461
245 _aSTRUCTURAL ANALYSIS /
_cR.C HIBBELER.
260 _aMALAYSIA :
_c1988.
300 _a735 P. ;
942 _2ddc
_cBK
999 _c587337
_d587337